LDR 01099naa#a2200169#i#450# 001 RU\\bibl\121579 005 20260514040912.4 011 ## _a1998-6785 100 ## _a20221221b2022####ek#y0rusy0150####ca 102 ## _aRU 200 1# _aРеконструкция чжурчжэньского арбалета по материалам археологических исследований в Приморском крае _eЖурнальная статья 210 1# _aВладивосток _cФедеральное государственное бюджетное образовательное учреждение высшего образования "Владивостокский государственный университет" _d2022 215 ## _a16 с. 608 ## _aЖурнальная статья _2local 675 ## _aМетодология истории. Методы изучения, основанные на письменных источниках, записях, надписях. 930.2 _z 700 #1 _aМаковеев _gДмитрий Валентинович 856 4# _aojkum.editorum.ru _u